000 00321nam a2200157Ia 4500
100 _aSamsung
650 _aAutomobiles
942 _cBK
654 _adata
245 _aLinear IC data book : data
260 _bSamsung
_aKorea
_c1990
082 _a621.38173
_bSAM
300 _a254
546 _aENGLISH
999 _c31310
_d31310